[Event "Melbourne Cup Weekend"]
[Site "Melbourne"]
[Date "2013.11.05"]
[Round "9"]
[White "Dale, Ari"]
[Black "Hacche, David"]
[Result "1/2-1/2"]
[WhiteElo "2308"]
[BlackElo "1999"]
[PlyCount "125"]
[EventDate "2013.11.01"]
[EventType "swiss"]
[EventRounds "9"]
[EventCountry "AUS"]
[SourceTitle "EXT 2014"]
[Source "ChessBase"]
[SourceDate "2013.11.20"]
[SourceVersion "1"]
[SourceVersionDate "2013.11.20"]
[SourceQuality "1"]

1. d4 g6 2. c4 Bg7 3. Nf3 d6 4. Nc3 Bg4 5. e3 c6 6. h3 Bxf3 7. Qxf3 Nd7 8. g4 e5 9. d5 c5 10. Bd3 Qf6 11. Qg3 h6 12. Nb5 Kd8 13. Nc3 Qe7 14. Rb1 Ngf6 15. e4 Ne8 16. Be3 Rc8 17. Qf3 Bf6 18. Kd2 Bg5 19. Qg3 Bh4 20. Qf3 Bg5 21. Kc2 Nc7 22. Rbg1 a6 23. h4 Bxe3 24. fxe3 Ne8 25. a3 Ng7 26. Kd2 Kc7 27. Rb1 Rb8 28. b4 b6 29. Qd1 Rhc8 30. Rh2 Kd8 31. Qf3 Kc7 32. Rf1 Rf8 33. Qd1 f6 34. Qa4 Kb7 35. Rhf2 Rbc8 36. Rb1 Rf7 37. Qb3 Ka7 38. Be2 Rb8 39. Rbf1 Ne8 40. g5 hxg5 41. hxg5 f5 42. exf5 gxf5 43. g6 Rf6 44. Rxf5 Rxf5 45. Rxf5 Nef6 46. Qb1 Rg8 47. Bh5 Qg7 48. Ne4 Nxe4+ 49. Qxe4 Nf6 50. Qh4 Rf8 51. Ke2 Kb7 52. Rf1 Kc7 53. Qg5 Ne4 54. Qg2 Rxf1 55. Kxf1 Qf6+ 56. Ke2 Qh4 57. Kd3 Nf6 58. g7 Qxh5 59. g8Q Qd1+ 60. Kc3 Qc1+ 61. Kb3 Qb1+ 62. Kc3 Qc1+ 63. Kb3 1/2-1/2

[Event "Victoria-ch"]
[Site "Melbourne"]
[Date "2013.05.18"]
[Round "2"]
[White "Hacche, David"]
[Black "Li, Zuhao Luke"]
[Result "1/2-1/2"]
[WhiteElo "2042"]
[BlackElo "2318"]
[PlyCount "54"]
[EventDate "2013.05.14"]
[EventType "tourn"]
[EventRounds "11"]
[EventCountry "AUS"]
[SourceTitle "EXT 2014"]
[Source "ChessBase"]
[SourceDate "2013.11.20"]
[SourceVersion "1"]
[SourceVersionDate "2013.11.20"]
[SourceQuality "1"]

1. Nf3 c5 2. g3 Nc6 3. c4 e5 4. Nc3 Nge7 5. Bg2 g6 6. d3 Bg7 7. h4 h6 8. Bd2 d6 9. Rb1 Be6 10. a3 0-0 11. Qc1 Kh7 12. Ne4 Bf5 13. h5 Bxe4 14. dxe4 g5 15. Bh3 Qc7 16. Bg4 Rae8 17. Bc3 f5 18. exf5 Nxf5 19. Qc2 e4 20. Bxf5+ Rxf5 21. Nd2 Bxc3 22. bxc3 Qe7 23. 0-0 Kh8 24. f3 Re5 25. Nxe4 g4 26. Rbd1 Re6 27. Qd2 Ne5 1/2-1/2

[Event "Begonia op 47th"]
[Site "Ballarat"]
[Date "2013.03.09"]
[Round "2"]
[White "Hacche, David"]
[Black "McClymont, Brodie"]
[Result "0-1"]
[WhiteElo "2071"]
[BlackElo "2211"]
[PlyCount "76"]
[EventDate "2013.03.09"]
[EventType "swiss"]
[EventRounds "7"]
[EventCountry "AUS"]
[SourceTitle "CBM 153 Extra"]
[Source "ChessBase"]
[SourceDate "2013.04.22"]
[SourceVersion "1"]
[SourceVersionDate "2013.04.22"]
[SourceQuality "1"]

1. Nf3 Nf6 2. d4 g6 3. Bf4 Bg7 4. e3 d6 5. h3 0-0 6. Bc4 a6 7. a4 b6 8. 0-0 Bb7 9. Nbd2 Nbd7 10. c3 Qe8 11. Bh2 e5 12. b4 Qe7 13. Qb3 h6 14. b5 a5 15. Rac1 g5 16. Qb1 e4 17. Ne1 g4 18. hxg4 Nxg4 19. Bf4 Ndf6 20. Be2 Rae8 21. c4 Bc8 22. Nc2 Nh5 23. Bxg4 Bxg4 24. Bh2 Qg5 25. f4 Qf5 26. Rf2 Bf6 27. Nf1 Bh4 28. Rd2 Kh8 29. Ne1 Rg8 30. Kh1 Rg7 31. Rcc2 Reg8 32. Qc1 Bf3 33. Rf2 Bxf2 34. Rxf2 Nf6 35. Qd2 Ng4 36. Rxf3 exf3 37. gxf3 Nxh2 38. Qxh2 Qb1 0-1

[Event "Melbourne Victorian-ch"]
[Site "Melbourne"]
[Date "2012.06.21"]
[Round "10"]
[White "Morris, James"]
[Black "Hacche, David"]
[Result "1/2-1/2"]
[WhiteElo "2327"]
[BlackElo "2067"]
[PlyCount "67"]
[EventDate "2012.05.01"]
[EventType "tourn"]
[EventRounds "11"]
[EventCountry "AUS"]
[SourceTitle "EXT 2014"]
[Source "ChessBase"]
[SourceDate "2013.11.20"]
[SourceVersion "1"]
[SourceVersionDate "2013.11.20"]
[SourceQuality "1"]

1. e4 d6 2. d4 c6 3. c4 g6 4. Nc3 Bg7 5. Nf3 a6 6. a3 Nf6 7. Be3 0-0 8. Be2 b5 9. Nd2 Nbd7 10. 0-0 Rb8 11. b4 Bb7 12. f4 bxc4 13. Nxc4 Nxe4 14. Nxe4 d5 15. Nc5 dxc4 16. Bxc4 Nb6 17. Nxb7 Rxb7 18. Bxa6 Rd7 19. Qf3 Nd5 20. Bf2 Qb6 21. Bc4 Bxd4 22. Rad1 Bxf2+ 23. Qxf2 Qxf2+ 24. Kxf2 Ra8 25. Bxd5 cxd5 26. Rd3 Rc7 27. Rb1 e6 28. g4 Kf8 29. g5 Ke7 30. b5 Kd6 31. b6 Rb7 32. Rb4 Ra6 33. Rdb3 Kc6 34. Rc3+ 1/2-1/2

[Event "Doeberl Cup 49th"]
[Site "Canberra"]
[Date "2011.04.22"]
[Round "4"]
[White "Hacche, David"]
[Black "Morris, James"]
[Result "0-1"]
[WhiteElo "2098"]
[BlackElo "2227"]
[PlyCount "70"]
[EventDate "2011.04.21"]
[EventType "swiss"]
[EventRounds "9"]
[EventCountry "AUS"]
[SourceTitle "CBM 141 Extra"]
[Source "ChessBase"]
[SourceDate "2011.05.03"]
[SourceVersion "1"]
[SourceVersionDate "2011.05.03"]
[SourceQuality "1"]

1. d4 Nf6 2. c4 c5 3. d5 e6 4. Nc3 exd5 5. cxd5 g6 6. Nf3 d6 7. Nd2 Bg7 8. e4 0-0 9. Be2 Na6 10. 0-0 Nc7 11. a4 Re8 12. f3 b6 13. Nc4 Ba6 14. Be3 Rb8 15. Qd2 Bxc4 16. Bxc4 a6 17. Qd3 b5 18. axb5 axb5 19. Nxb5 Ncxd5 20. Bxd5 Nxd5 21. Qxd5 Rxb5 22. Ra7 Qf6 23. Rd1 Rxb2 24. Qxd6 Qxd6 25. Rxd6 c4 26. Rdd7 Rf8 27. Rac7 c3 28. Rd1 Ra8 29. Kf1 h5 30. f4 Raa2 31. e5 Rxg2 32. Rxc3 Rxh2 33. Rc8+ Kh7 34. Rc7 h4 35. Rxf7 h3 0-1

[Event "Doeberl Cup 49th"]
[Site "Canberra"]
[Date "2011.04.21"]
[Round "1"]
[White "Arutinian, David"]
[Black "Hacche, David"]
[Result "1-0"]
[WhiteElo "2575"]
[BlackElo "2098"]
[PlyCount "81"]
[EventDate "2011.04.21"]
[EventType "swiss"]
[EventRounds "9"]
[EventCountry "AUS"]
[SourceTitle "CBM 141 Extra"]
[Source "ChessBase"]
[SourceDate "2011.05.03"]
[SourceVersion "1"]
[SourceVersionDate "2011.05.03"]
[SourceQuality "1"]

1. d4 c5 2. d5 e5 3. e4 d6 4. Nc3 Be7 5. Bb5+ Nd7 6. Nf3 Ngf6 7. a4 a6 8. Be2 Nf8 9. Nd2 Ng6 10. Nc4 0-0 11. a5 Ne8 12. Nb6 Rb8 13. Bg4 Bxg4 14. Qxg4 Nf6 15. Qh3 Qc7 16. 0-0 Rfd8 17. Bd2 Nd7 18. Nc4 Bf6 19. Qf3 Ndf8 20. g3 h6 21. Nd1 Nh7 22. h4 Qd7 23. Ra3 Qh3 24. Qg2 Qxg2+ 25. Kxg2 h5 26. Nde3 Be7 27. f3 Bf8 28. b4 cxb4 29. Bxb4 Nf6 30. Rb3 Ne8 31. Bd2 Ne7 32. Rfb1 Rd7 33. Rb6 Nc8 34. Rxa6 Nc7 35. Rc6 Na7 36. Rcb6 Na8 37. R6b3 Nc8 38. Na3 b6 39. Nec4 Rdb7 40. Be3 Be7 41. axb6 1-0

[Event "Begonia op 45th"]
[Site "Ballarat"]
[Date "2011.03.12"]
[Round "2"]
[White "Hacche, David"]
[Black "Davis, Tony J"]
[Result "1-0"]
[WhiteElo "2075"]
[BlackElo "1824"]
[PlyCount "46"]
[EventDate "2011.03.12"]
[EventType "swiss"]
[EventRounds "7"]
[EventCountry "AUS"]
[SourceTitle "EXT 2019"]
[Source "ChessBase"]
[SourceDate "2018.10.10"]
[SourceVersion "1"]
[SourceVersionDate "2018.10.10"]
[SourceQuality "1"]

1. Nf3 Nf6 2. d4 d5 3. g3 c6 4. Bg2 Nbd7 5. 0-0 e6 6. b3 b5 7. c4 Ne4 8. Qc2 Be7 9. Bf4 bxc4 10. bxc4 Ba6 11. Nfd2 Nxd2 12. Nxd2 g5 13. Be3 f5 14. Qa4 Bb7 15. Rab1 Qc7 16. f4 g4 17. Rfc1 dxc4 18. Qxc4 Kf7 19. d5 exd5 20. Qxd5+ Kg6 21. Rxb7 Qxb7 22. Rxc6+ Qxc6 23. Qxc6+ Nf6 1-0

[Event "Victoria-ch"]
[Site "Melbourne"]
[Date "2010.07.29"]
[Round "5"]
[White "Cheng, Bobby Sky"]
[Black "Hacche, David"]
[Result "0-1"]
[WhiteElo "2332"]
[BlackElo "2102"]
[PlyCount "122"]
[EventDate "2010.07.15"]
[EventType "tourn"]
[EventRounds "11"]
[EventCountry "AUS"]
[SourceTitle "EXT 2023"]
[Source "ChessBase"]
[SourceDate "2022.10.05"]
[SourceVersion "1"]
[SourceVersionDate "2022.10.05"]
[SourceQuality "1"]

1. d4 c5 2. d5 e5 3. c4 d6 4. e4 g6 5. Nc3 Bg7 6. Bd3 a6 7. h3 Nd7 8. Nf3 Ne7 9. g4 0-0 10. Rg1 Nf6 11. a4 Bd7 12. Be3 Qa5 13. Bd2 Qc7 14. b3 Ne8 15. h4 Nf6 16. Nh2 h5 17. f3 Kh8 18. Bg5 Neg8 19. Ne2 Qc8 20. Nc3 hxg4 21. fxg4 Nh7 22. Be3 Qd8 23. Nf3 f5 24. gxf5 gxf5 25. exf5 e4 26. Nxe4 Bxf5 27. Nfg5 Qe7 28. Kd2 Rae8 29. Ra2 Ngf6 30. Ne6 Bxe6 31. Nxf6 Qxf6 32. dxe6 Qc3+ 33. Ke2 Rxe6 34. Rxg7 Qxg7 35. Kd2 Qe5 36. Qg1 Rfe8 37. Bf2 Qf4+ 38. Kc3 Nf6 39. Rd2 Qf3 40. Kc2 Ng4 41. Qa1+ Kg8 42. Qg1 Kh8 43. Qf1 Ne5 44. Be2 Qe4+ 45. Kb2 Rf8 46. Qg1 Rg6 47. Qe1 Rg2 48. Bg1 Nd3+ 49. Bxd3 Qxe1 50. Rxg2 Rf3 51. Kc2 Rxd3 52. Kxd3 Qf1+ 53. Re2 Qxg1 54. Re8+ Kg7 55. Rb8 Qd4+ 56. Kc2 Kf6 57. a5 Qxh4 58. Kb2 Qh7 59. Rf8+ Ke5 60. Ka3 Qc7 61. Ka4 b6 0-1

[Event "Doeberl Cup 47th"]
[Site "Canberra"]
[Date "2009.04.11"]
[Round "6"]
[White "Bennett, Hilton Petrie"]
[Black "Hacche, David"]
[Result "0-1"]
[WhiteElo "2028"]
[BlackElo "2176"]
[PlyCount "100"]
[EventDate "2009.04.09"]
[EventType "swiss"]
[EventRounds "9"]
[EventCountry "AUS"]
[SourceTitle "CBM 129 Extra"]
[Source "ChessBase"]
[SourceDate "2009.05.05"]
[SourceVersion "2"]
[SourceVersionDate "2009.05.20"]
[SourceQuality "1"]

1. e4 c5 2. Nc3 Nc6 3. f4 e6 4. Nf3 d6 5. Bc4 Be7 6. d3 Nf6 7. Bb3 0-0 8. 0-0 a6 9. a4 Rb8 10. Qe1 b5 11. axb5 axb5 12. e5 Ne8 13. f5 exf5 14. e6 fxe6 15. Bxe6+ Bxe6 16. Qxe6+ Kh8 17. Nd5 Nc7 18. Nxc7 Qxc7 19. Bf4 Rf6 20. Qe2 Qd7 21. Rfe1 Bf8 22. Bg5 Rf7 23. c3 h6 24. Bf4 Re7 25. Qf2 Rxe1+ 26. Rxe1 Re8 27. Nh4 Rxe1+ 28. Qxe1 Qf7 29. Bg3 g5 30. Nf3 f4 31. Bf2 Bg7 32. Qe4 d5 33. Qe1 g4 34. Qa1 Qe6 35. Qa8+ Kh7 36. Ne1 d4 37. Qb7 dxc3 38. bxc3 b4 39. cxb4 cxb4 40. Kf1 Kg6 41. Nc2 b3 42. Na3 b2 43. Nc4 f3 44. Nxb2 Qe2+ 45. Kg1 Qc2 46. gxf3 gxf3 47. h4 Qc1+ 48. Kh2 Be5+ 49. Bg3 Qc2+ 50. Kh3 Qg2+ 0-1

[Event "Doeberl Cup 47th"]
[Site "Canberra"]
[Date "2009.04.11"]
[Round "5"]
[White "Hacche, David"]
[Black "Fitzpatrick, Andrew"]
[Result "1/2-1/2"]
[WhiteElo "2176"]
[BlackElo "2022"]
[PlyCount "63"]
[EventDate "2009.04.09"]
[EventType "swiss"]
[EventRounds "9"]
[EventCountry "AUS"]
[SourceTitle "CBM 129 Extra"]
[Source "ChessBase"]
[SourceDate "2009.05.05"]
[SourceVersion "2"]
[SourceVersionDate "2009.05.20"]
[SourceQuality "1"]

1. c4 Nc6 2. Nc3 e5 3. e3 g6 4. d4 d6 5. Be2 Bg7 6. d5 Nce7 7. e4 f5 8. Nf3 Nf6 9. exf5 Nxf5 10. Bg5 h6 11. Bxf6 Qxf6 12. Ne4 Qe7 13. 0-0 0-0 14. Bd3 Nh4 15. Nxh4 Qxh4 16. Qc2 Bf5 17. Rae1 Qe7 18. a3 h5 19. b4 h4 20. f3 Bh6 21. g4 Bxe4 22. Bxe4 Bf4 23. Bxg6 Qg5 24. Be4 h3 25. Kh1 a5 26. b5 b6 27. Qe2 Rf6 28. Bf5 Kg7 29. Qf2 Raf8 30. Qe2 Rd8 31. Be4 Rdf8 32. Kg1 1/2-1/2

[Event "Doeberl Cup 47th"]
[Site "Canberra"]
[Date "2009.04.10"]
[Round "4"]
[White "Tan, Justin Hy"]
[Black "Hacche, David"]
[Result "1-0"]
[WhiteElo "2281"]
[BlackElo "2176"]
[PlyCount "49"]
[EventDate "2009.04.09"]
[EventType "swiss"]
[EventRounds "9"]
[EventCountry "AUS"]
[SourceTitle "CBM 129 Extra"]
[Source "ChessBase"]
[SourceDate "2009.05.05"]
[SourceVersion "2"]
[SourceVersionDate "2009.05.20"]
[SourceQuality "1"]

1. e4 c5 2. Nf3 a6 3. c4 Nc6 4. Nc3 g6 5. d4 cxd4 6. Nxd4 Bg7 7. Be3 d6 8. Be2 Nf6 9. 0-0 0-0 10. f4 Bd7 11. Rc1 Rc8 12. b3 e5 13. Nc2 Qa5 14. Nd5 Nxd5 15. exd5 Ne7 16. b4 Qa4 17. fxe5 Bxe5 18. Bd4 f6 19. Bxe5 fxe5 20. c5 Rxf1+ 21. Bxf1 Nf5 22. Bc4 Nd4 23. Nxd4 Qxd1+ 24. Rxd1 exd4 25. c6 1-0

[Event "Australian Masters"]
[Site "Melbourne"]
[Date "2008.12.11"]
[Round "6"]
[White "Hamilton, Douglas Gibson"]
[Black "Hacche, David"]
[Result "1-0"]
[WhiteElo "2209"]
[BlackElo "2207"]
[PlyCount "101"]
[EventDate "2008.12.06"]
[EventType "tourn"]
[EventRounds "9"]
[EventCountry "AUS"]
[SourceTitle "EXT 2023"]
[Source "ChessBase"]
[SourceDate "2022.10.05"]
[SourceVersion "1"]
[SourceVersionDate "2022.10.05"]
[SourceQuality "1"]

1. e4 c5 2. Nf3 Nc6 3. d4 cxd4 4. Nxd4 e5 5. Nb5 d6 6. N1c3 a6 7. Na3 b5 8. Nd5 Nge7 9. c4 b4 10. Nc2 Rb8 11. Bg5 a5 12. Be2 Qd7 13. h3 Nxd5 14. cxd5 Ne7 15. a4 Qb7 16. Ne3 h6 17. Nc4 Nxd5 18. Nxa5 Qa8 19. Qxd5 hxg5 20. Bb5+ Bd7 21. Bxd7+ Kxd7 22. Qxf7+ Be7 23. Qd5 Rhc8 24. 0-0 Rc5 25. Qxa8 Rxa8 26. Nb3 Rc2 27. Ra2 Kc6 28. Rd1 Rf8 29. Rd2 Rxd2 30. Nxd2 Kc5 31. Nb3+ Kc4 32. Na5+ Kd3 33. Nc6 b3 34. Ra1 Bf6 35. Re1 Kc2 36. Re2+ Kc1 37. Na5 Rb8 38. Kf1 Bd8 39. Nc4 Rb4 40. Re1+ Kc2 41. Re2+ Kc1 42. Re1+ Kc2 43. Re2+ Kd3 44. Nxd6 Rxa4 45. Nf7 Ra1+ 46. Re1 Rxe1+ 47. Kxe1 Kc2 48. Nxe5 Bf6 49. Nc4 Bxb2 50. Ke2 Be5 51. Nxe5 1-0

[Event "Australian Masters"]
[Site "Melbourne"]
[Date "2008.12.08"]
[Round "3"]
[White "Hacche, David"]
[Black "West, Guy"]
[Result "0-1"]
[WhiteElo "2207"]
[BlackElo "2342"]
[PlyCount "68"]
[EventDate "2008.12.06"]
[EventType "tourn"]
[EventRounds "9"]
[EventCountry "AUS"]
[SourceTitle "EXT 2023"]
[Source "ChessBase"]
[SourceDate "2022.10.05"]
[SourceVersion "1"]
[SourceVersionDate "2022.10.05"]
[SourceQuality "1"]

1. d4 Nf6 2. Nf3 g6 3. Bf4 Bg7 4. e3 d6 5. h3 0-0 6. Be2 Nfd7 7. 0-0 e5 8. Bg5 f6 9. Bh4 g5 10. Bg3 Nc6 11. c3 f5 12. dxe5 dxe5 13. Bb5 Kh8 14. Nbd2 Qe7 15. a4 Nd8 16. Qe2 Nf7 17. Ne1 a6 18. Bc4 Nd6 19. f3 a5 20. e4 f4 21. Bf2 Rf6 22. Nc2 Rg6 23. Rfd1 Nf6 24. Bc5 h5 25. Nd4 exd4 26. e5 Nd7 27. Ne4 Nxc5 28. exd6 cxd6 29. cxd4 Na6 30. Rac1 Nb4 31. Nc3 Qxe2 32. Bxe2 Bf5 33. Nb5 Bc2 34. Rd2 Bxa4 0-1

[Event "Australian Masters"]
[Site "Melbourne"]
[Date "2008.12.07"]
[Round "2"]
[White "Rujevic, Mirko"]
[Black "Hacche, David"]
[Result "1-0"]
[WhiteElo "2281"]
[BlackElo "2207"]
[PlyCount "77"]
[EventDate "2008.12.06"]
[EventType "tourn"]
[EventRounds "9"]
[EventCountry "AUS"]
[SourceTitle "EXT 2023"]
[Source "ChessBase"]
[SourceDate "2022.10.05"]
[SourceVersion "1"]
[SourceVersionDate "2022.10.05"]
[SourceQuality "1"]

1. e4 c5 2. Nf3 Nc6 3. d4 cxd4 4. Nxd4 e5 5. Nb5 d6 6. N1c3 a6 7. Na3 b5 8. Nd5 Nge7 9. Bg5 h6 10. Qh5 Qa5+ 11. Bd2 Qd8 12. c4 Nxd5 13. exd5 Nd4 14. Bd3 g6 15. Qd1 Bd7 16. 0-0 Bg7 17. f4 0-0 18. fxe5 Bxe5 19. Bf4 Qb6 20. Kh1 Bg7 21. Qd2 b4 22. Nc2 Nxc2 23. Bxc2 Qc5 24. Bd3 Rfe8 25. Bxh6 Bxh6 26. Qxh6 Qe3 27. Qxe3 Rxe3 28. Rad1 Bg4 29. Rd2 Rc8 30. b3 Rce8 31. h3 Be2 32. Bxe2 Rxe2 33. Rxe2 Rxe2 34. Rf6 Rxa2 35. Rxd6 a5 36. Rb6 Rd2 37. d6 Rd3 38. c5 Rxb3 39. d7 1-0

[Event "Victoria-ch"]
[Site "Melbourne"]
[Date "2008.10.30"]
[Round "?"]
[White "Hacche, David"]
[Black "Stojic, Dusan"]
[Result "1-0"]
[WhiteElo "2207"]
[BlackElo "2168"]
[PlyCount "67"]
[EventDate "2008.10.02"]
[EventType "tourn"]
[EventRounds "11"]
[EventCountry "AUS"]
[SourceTitle "CBM 127 Extra"]
[Source "ChessBase"]
[SourceDate "2009.01.08"]
[SourceVersion "2"]
[SourceVersionDate "2009.01.28"]
[SourceQuality "1"]

1. e4 c5 2. Nf3 d6 3. d4 cxd4 4. Qxd4 Nc6 5. Bb5 Bd7 6. Bxc6 Bxc6 7. c4 Nf6 8. Nc3 g6 9. 0-0 Bg7 10. Re1 0-0 11. Qd2 a6 12. Nd4 Qb6 13. Nc2 Qc7 14. a4 Nd7 15. Ra3 Nc5 16. Nd5 Bxd5 17. exd5 Qd7 18. a5 e5 19. b4 Na4 20. Ne3 Rfc8 21. Qa2 b5 22. axb6 Nxb6 23. Ra5 Bh6 24. c5 dxc5 25. bxc5 Bxe3 26. Bxe3 Nxd5 27. c6 Rxc6 28. Rxd5 Qe6 29. Qd2 Rcc8 30. Bh6 Re8 31. h3 e4 32. Qd4 f6 33. Rd6 Qe5 34. Qc4+ 1-0